000 00456nam a2200181Ia 4500
001 1755
005 20260306143752.0
008 260306t2014||||xx |||||||||||||| ||spa||
041 _aESP
082 _a155.28
_bV932
100 _aVeccia, Teresa Ana
_eAUT
245 0 _aTécnicas y métodos cualitativos en evaluación psicológica
260 _c2014
300 _a164 páginas :
_c28 cm.
650 _aGEN
654 _aCPS
942 _cLIB
_dJUS
_fJUS
_2ddc
_n
999 _c1755
_d1755